LEADER 01542oam 2200421 450 001 9910713077503321 005 20200317151832.0 035 $a(CKB)5470000002499425 035 $a(OCoLC)1104346821 035 $a(EXLCZ)995470000002499425 100 $a20190613d2019 ua 0 101 0 $aeng 135 $aur||||||||||| 181 $ctxt$2rdacontent 182 $cc$2rdamedia 183 $acr$2rdacarrier 200 10$aAudit of the Department of Justice's use of immigration sponsorship programs /$fOffice of the Inspector General, U.S. Department of Justice, Audit Division 210 1$aWashington, DC :$cU.S. Department of Justice, Office of the Inspector General,$d2019. 215 $a1 online resource (ii, 63 pages) $cillustrations 300 $a"June 2019." 300 $a"Audit Division 19-32." 300 $aIncludes tables. 320 $aIncludes bibliographical references. 606 $aNoncitizen criminals$xGovernment policy$zUnited States 606 $aNoncitizen criminals$zUnited States$xManagement 606 $aManagement audit 615 0$aNoncitizen criminals$xGovernment policy 615 0$aNoncitizen criminals$xManagement. 615 0$aManagement audit. 712 02$aUnited States.$bDepartment of Justice.$bOffice of the Inspector General, 801 0$bDID 801 1$bDID 801 2$bOCLCF 801 2$bGPO 906 $aBOOK 912 $a9910713077503321 996 $aAudit of the Department of Justice's use of immigration sponsorship programs$93353546 997 $aUNINA